| 000 | 01564nam a22002177a 4500 | ||
|---|---|---|---|
| 003 | NALT | ||
| 005 | 20250520142344.0 | ||
| 008 | s2554 th tha d | ||
| 020 | _a9789749958445 | ||
| 040 | _aNALT | ||
| 041 | _atha | ||
| 050 |
_aPN 4193.P7 _bท622ป 2554 |
||
| 110 | 2 |
_aสำนักงานโครงการสมเด็จพระเทพรัตนราชสุดา ฯ สยามบรมราชกุมารี _927453 |
|
| 245 | 1 | 0 |
_aประมวลพระราชดำรัสสมเด็จพระเทพรัตนราชสุดาฯ สยามบรมราชกุมารี ด้านการพัฒนาเด็กและเยาวชนในถิ่นทุรกันดาร พุทธศักราช 2524 - 2553 / _cสำนักงานโครงการสมเด็จพระเทพรัตนราชสุดา ฯ สยามบรมราชกุมารี |
| 260 |
_aกรุงเทพฯ : _bสำนักงานโครงการสมเด็จพระเทพรัตนราชสุดาฯ สยามบรมราชกุมารี, _c2554. |
||
| 300 |
_a127 หน้า ; _b _c27 ซม. |
||
| 600 | 0 | 0 |
_aเทพรัตนราชสุดาฯ สยามบรมราชกุมารี, _cสมเด็จพระ, _d2498- _xพระราชดำรัส _927541 |
| 850 | _aNALT | ||
| 942 |
_cGB _2lcc |
||
| 999 |
_c70545 _d70545 |
||
| 998 |
_j1020 _k นางจำเรียง ระวังสำโรง |
||